000 01090nam a2200337Ia 4500
001 44733076
003 OCoLC
005 20161014144526.0
008 000807s2000 okua j 000 1 spa d
020 _a0746038666
020 _a0746038674 (pbk.)
020 _a9780746038673 (pbk.)
040 _aCS1
_cCS1
_dBAKER
_dE3V
041 1 _aspa
_heng
092 _aE
_bWatt
092 _aE
_bWAT
100 1 _aWatt, Fiona.
245 1 0 _aAl agua patos! /
_cFiona Watt ; ilustraciones, Rachel Wells ; traducci©đn, Helena Aixendri Boneu.
260 _a[Tulsa, Okla. :
_bEDC] ;
_aLondres :
_bUsborne,
_cc2000.
300 _a[16] p. :
_bcol. ill. ;
_c21 cm.
490 1 _aEl mundo del pequeñín.
500 _aTranslation of: Baby's bathtime.
520 _aIt's bathtime! Baby and his dog Fido enjoy a wonderful bath before being tucked into bed.
650 0 _aBaths
_vFiction.
650 0 _aBedtime
_vFiction.
700 1 _aWells, Rachel.
700 1 _aAixendri Boneu, Helena.
700 1 2 _aWatt, Fiona.
_tBaby's bathtime.
_lSpanish.
830 0 _aMundo del pequeñín.
942 _cBK
999 _c16318
_d16318